IFM Opac

Soviet Insurance Law. (Record no. 17037)

MARC details
000 -LEADER
fixed length control field 00319nam a22001337a 4500
082 ## - DEWEY DECIMAL CLASSIFICATION NUMBER
Classification number 346.0860947RUD.
100 ## - MAIN ENTRY--PERSONAL NAME
Personal name Bernard Rudden.
245 ## - TITLE STATEMENT
Title Soviet Insurance Law.
260 ## - PUBLICATION, DISTRIBUTION, ETC.
Place of publication, distribution, etc. Oxford.
Name of publisher, distributor, etc. A.W. Sijthoff-Leyden.
Date of publication, distribution, etc. 1966
300 ## - PHYSICAL DESCRIPTION
Extent 219pg.
Other physical details 23cm.
500 ## - GENERAL NOTE
General note Includes index.
700 ## - ADDED ENTRY--PERSONAL NAME
Personal name Z. Szirmai.
942 ## - ADDED ENTRY ELEMENTS (KOHA)
Koha item type Books
Holdings
Withdrawn status Lost status Source of classification or shelving scheme Damaged status Not for loan Home library Current library Shelving location Date acquired Full call number Barcode Date last seen Price effective from Koha item type
    Dewey Decimal Classification     IFM Main Campus Library IFM Main Campus Library   03/27/2017 346.0860947RUD. 0000008435 03/27/2017 03/27/2017 Books